• 首页
  • 本馆介绍
  • 公告通知
  • 最新文献
  • 馆藏检索
  • 电子资源
  • 读者导购
  • 参考咨询
  • 我的图书馆
  • 登录
  • 详细信息显示
  • 放入我的书架
  • 预约/预借图书
  • 作者相关作品
  • 分类相关作品
  • 丛书相关作品
  • 出版社相关作品

书目信息

  • 表格格式
  • 工作单格式
  • 卡片格式
题名:
拖拉机液压悬挂系统构造和维护
    
 
作者: ;山东农学院农机教研组 编
分册:  
出版信息: 北京   农业出版社  1975
页数: 130页
开本: 19cm
丛书名:
单 册:
中图分类: S232
科图分类:
主题词: 农业机械化
电子资源:
ISBN:
000 00670nam0 2200205 450
001 0659466156
005 20060815175129.05
010    @dCNY0.37
091    @a15144.493
100    @a20060524d1975 km y0chiy0120 ea
101 0  @achi
102    @aCN@b110000
200 1  @a拖拉机液压悬挂系统构造和维护@Atuo la ji ye ya xuan gua xi tong gou zao he wei hu@f山东农学院农机教研组编@Fshan dong nong xue yuan nong ji jiao yan zu bian
210    @a北京@c农业出版社@d1975
215    @a130页@d19cm
606 0  @a农业机械化
690    @aS232@v3
711  0 @a山东农学院农机教研组@Ashan dong nong xue yuan nong ji jiao yan zu@4编
801  0 @aCN@bPFT@c20060815
905    @a10447@dS232@e36
    
    拖拉机液压悬挂系统构造和维护/山东农学院农机教研组编.-北京:农业出版社,1975
    130页;19cm
    
    
    ISBN :CNY0.37
    
●
相关链接 在E读中查询图书 在五车中查询图书 在当当中查询图书 在豆瓣中查询图书


正题名:拖拉机液压悬挂系统构造和维护     索取号:S232/36         预约/预借

序号 登录号 条形码 馆藏地/架位号 状态 备注
1 0018057   202370825   密集书库/ [索取号:S232/36] 在馆    
2 0458541   204585412   密集书库/ [索取号:S232/36] 在馆    
唐山师范学院图书馆 欢迎您!
大连网信软件有限公司© 版权所有